Essential of Assembly Language Programming for IBM PC (Record no. 266520)
[ view plain ]
| 000 -LEADER | |
|---|---|
| fixed length control field | 00298 a2200121 4500 |
| 001 - CONTROL NUMBER | |
| control field | 31447 |
| 082 ## - DEWEY DECIMAL CLASSIFICATION NUMBER | |
| Classification number | 001.6424HAL |
| 090 ## - LOCALLY ASSIGNED LC-TYPE CALL NUMBER (OCLC); LOCAL CALL NUMBER (RLIN) | |
| -- | 21331 |
| -- | 21331 |
| 100 ## - MAIN ENTRY--PERSONAL NAME | |
| Personal name | Hall, Maddog |
| 245 ## - TITLE STATEMENT | |
| Title | Essential of Assembly Language Programming for IBM PC |
| 260 ## - PUBLICATION, DISTRIBUTION, ETC. | |
| Place of publication, distribution, etc. | New Delhi |
| Name of publisher, distributor, etc. | PHI |
| Date of publication, distribution, etc. | 1998 |
| 505 ## - FORMATTED CONTENTS NOTE | |
| Formatted contents note | CD/DVD |
| 942 ## - ADDED ENTRY ELEMENTS (KOHA) | |
| Institution code [OBSOLETE] | NUST-CAE |
| Call number prefix | 001.6424HAL |
| Withdrawn status | Lost status | Damaged status | Not for loan | Collection code | Permanent Location | Current Location | Date acquired | Total Checkouts | Full call number | Barcode | Date last seen | Price effective from | Koha item type |
|---|---|---|---|---|---|---|---|---|---|---|---|---|---|
| College of Aeronautical Engineering (CAE) | College of Aeronautical Engineering (CAE) | 04/03/2017 | 001.6424HAL | CAE72040 | 04/05/2017 | 04/05/2017 | Book |
